The noble scholar, jurist, historian


 His Excellency Dr. Abdul Wahhab bin Ibrahim Abu Sulaiman, may Allah have mercy on him.


 He was born in Umm Al-Qura in the year 1356 AH.

أثر الوقف في تشييد بنية الحضارة الإسلامية / (Record no. 12733)

MARC details
000 -LEADER
fixed length control field 01925caa a2200277 ib4500
003 - CONTROL NUMBER IDENTIFIER
control field SA-RiAUC
005 - DATE AND TIME OF LATEST TRANSACTION
control field 20251029071434.0
008 - FIXED-LENGTH DATA ELEMENTS--GENERAL INFORMATION
fixed length control field 251023s1999 su f f000r0 ara c
040 ## - CATALOGING SOURCE
Original cataloging agency SA-JeALM
Language of cataloging ara
Transcribing agency SA-RiAUC
Description conventions rda
043 ## - GEOGRAPHIC AREA CODE
Geographic area code a-su---
082 04 - DEWEY DECIMAL CLASSIFICATION NUMBER
Classification number 253.90209531
090 ## - LOCALLY ASSIGNED LC-TYPE CALL NUMBER (OCLC); LOCAL CALL NUMBER (RLIN)
Classification number (OCLC) (R) ; Classification number, CALL (RLIN) (NR) 253.90209531
Local cutter number (OCLC) ; Book number/undivided call number, CALL (RLIN) خ ط ر
100 1# - MAIN ENTRY--PERSONAL NAME
Personal name الخطراوي، محمد العيد فرج،
Dates associated with a name 1354 هجري-
Relator term مؤلف.
245 10 - TITLE STATEMENT
Title أثر الوقف في تشييد بنية الحضارة الإسلامية /
Statement of responsibility, etc. إعداد محمد العيد الخطراوي.
300 ## - PHYSICAL DESCRIPTION
Extent 53 صفحة ؛
Dimensions 30 × 20 سم
336 ## - CONTENT TYPE
Content type term نص
Content type code txt
Source rdacontent
Materials specified كتاب
337 ## - MEDIA TYPE
Media type term بدون وسيط
Media type code n
Source rdamedia
338 ## - CARRIER TYPE
Carrier type term مجلد
Carrier type code nc
Source rdacarrier
580 ## - LINKING ENTRY COMPLEXITY NOTE
Linking entry complexity note في : ندوة المكتبات الوقفية في المملكة العربية السعودية.
650 #7 - SUBJECT ADDED ENTRY--TOPICAL TERM
Topical term or geographic name entry element الوقف
Geographic subdivision السعودية
Source of heading or term aucsh
700 ## - ADDED ENTRY--PERSONAL NAME
Personal name المزيني, إبراهيم محمد
711 2# - ADDED ENTRY--MEETING NAME
Meeting name or jurisdiction name as entry element ندوة المكتبات الوقفية في المملكة العربية السعودية
Date of meeting or treaty signing ( 1420 هـ:
Location of meeting المدينة المنورة)
773 0# - HOST ITEM ENTRY
Main entry heading ندوة المكتبات الوقفية في المملكة العربية السعودية (1420 هـ: المدينة المنورة).
Title ندوة المكتبات الوقفية فى المملكة العربية السعودية 18-20 / 1 / 1420 هـ / مكتبة الملك عبد العزيز بالمدينة المنورة، وكالة الوزارة لشؤون الأوقاف، وزارة الشؤون الإسلامية والأوقاف والدعوة والإرشاد.
Place, publisher, and date of publication الرياض : وزارة الشؤون الإسلامية والأوقاف والدعوة والإرشاد، وكالة الوزارة لشؤون الأوقاف، مكتبة الملك عبد العزيز بالمدينة المنورة، [1999] 1420.
942 ## - ADDED ENTRY ELEMENTS (KOHA)
Source of classification or shelving scheme Dewey Decimal Classification
Koha item type Books
Suppress in OPAC No
949 ## - LOCAL PROCESSING INFORMATION (OCLC)
a SA-JeALM
d 251023
u mohamedma123
n 1
Holdings
Withdrawn status Lost status Source of classification or shelving scheme Damaged status Not for loan Home library Current library Date acquired Total checkouts Full call number Barcode Date last seen Price effective from Koha item type
    Dewey Decimal Classification     DR AbdElwahab Library DR AbdElwahab Library 10/29/2025   253.90209531 خ ط ر 000020509 10/29/2025 10/29/2025 Books
    Dewey Decimal Classification     DR AbdElwahab Library DR AbdElwahab Library 10/29/2025   253.90209531 خ ط ر 000020510 10/29/2025 10/29/2025 Books